000 00527nam a22001817a 4500
005 20251108165410.0
008 250721s2001 xx 000 0 ara d
082 1 4 _a909.04924/موم
100 1 _aالمومني، أحمد
245 1 0 _aضعف الباطل و أن علا :
_bتاريخ اليهود و علاقاتهم مع الأمم /
264 1 _aعمان :
_c2001.
300 _a158ص
650 1 7 _aاليهود
650 1 7 _aالتاريخ
650 1 7 _aالصهيونية
942 _2ddc
_cBK
999 _c26981
_d26981